000 00742nam a22002057a 4500
999 _c18001
_d18001
005 20251125232902.0
008 s2527 th tha d
040 _aNALT
041 _atha
100 0 _aพัฒนะ ไชยเศรษฐ
245 1 0 _aคู่มือทนายความ ภาคปฎิบัติ
260 3 _aกรุงเทพฯ :
_bเนติธรรม,
_c2527
300 _a181 หน้า ;
_b 26 ซม.
650 0 4 _aทนายความ -- คู่มือ
850 _aNALT
856 4 0 _uhttps://hdl.handle.net/20.500.14156/456344
_71
942 _cLB
_2lcc
998 _j25
_k นีลวัสน์ อินทรักษา
090 _aKU134 พ531ค 2527